K. F. Schinkel 1781-1841: un arquitecto al servicio de la belleza

Saved in:
书目详细资料
主要作者: Steffens, Martin (Author)
格式: 图书
语言:西班牙语
出版: Colonia Taschen 2003
主题:
标签: 添加标签
没有标签, 成为第一个标记此记录!

MARC

LEADER 00000nam a2200000 a 4500
001 UCG7135
003 CL-VaPUC
008 110617e20030000GW |||||||||||||||||spa|d
020 |a 3822827584 
082 0 4 |a 720  |b STE  |2 21 
100 0 |a Steffens, Martin  |e author  |9 557696 
245 1 0 |a K. F. Schinkel 1781-1841: un arquitecto al servicio de la belleza 
300 |a 96 p 
942 |c BK 
945 |d 20110617 00:00:00  |a dcastane 
260 |a Colonia  |b Taschen  |c 2003 
600 0 7 |a SCHINKEL, KARL FRIEDRICH  |2 CL-VaPUC  |9 557697 
650 0 |a Arquitectura  |9 804558 
650 0 |a Arquitectura alemana   |9 369882 
650 0 |a Arquitectos alemanes  |9 557691 
583 |a last modification  |c 20110617 00:00:00  |k Rodrigo Vera 
999 |c 345199  |d 345197 
952 |0 0  |1 0  |4 0  |6 720_000000000000000_STE_2003  |7 0  |8 C  |9 443677  |a BIBCUR  |b BIBCUR  |d 2019-11-22  |i 4785428  |o 720 STE 2003  |p 4785428  |r 2025-04-22  |w 2019-11-22  |y BK  |k CAC